000 00470nam a22001457a 4500
082 _aCP57
100 _aIrfan Zafar, Lt Col
_950937
245 _aConstruction Project Administration : CE-880
_bCourse Pack
_cIrfan Zafar, Lt Col
250 _aFall-Semester 2014
260 _aRisalpur
_bMCE
_c2014
300 _aVerable pages
_bill;
_c30 cm
526 _a0
_b0
_c0
_dCP_000000000000000_57
650 _aConstruction Project Administration : CE-880
_950938
942 _2ddc
_cBKB
999 _c553697
_d553697